| 000 | 00444 a2200169 4500 | ||
|---|---|---|---|
| 020 | _a0-9738649-7-4 | ||
| 040 |
_aDLC _bDLC |
||
| 082 | _a629.892 | ||
| 100 | 1 | _aHansen, John C. | |
| 245 | 1 | 0 |
_aLEGO MINDSTORMS NXT power programming: Robotics in c _cJohn C. Hansen |
| 250 | _a2. ed. | ||
| 260 |
_aWinnipeg _bVariant Press, _c2009 |
||
| 300 |
_aix, 543 s. : _bill. |
||
| 650 | 7 | _aRobotteknik | |
| 650 | 7 | _aRobotics | |
| 942 |
_cBK _k629.892 HAN _2ddc |
||
| 999 |
_c10084 _d10084 |
||